00500pab a2200169 454500008004000000100002200040245005000062260000900112300001300121362001000134650001400144773003400158908000600192909001000198999001700208952010500225180718b2011 xxu||||| |||| 00| 0 eng d aBreeding, Mary E. aThe micro-politics of vote banks in Karnataka c2011 ap.71-77. a2 Apr aElections aEconomic and Political Weekly aN a91239 c91239d91239 00104070aIIPAbIIPAd2018-07-19hVolume no: 46, Issue no: 14pAR91699r2018-07-19w2018-07-19yAR